000 00308nam a22001337a 4500
008 170414b xxu||||| |||| 00| 0 eng d
020 _a089004435x
041 _aeng
080 _a612.39
100 _a10
101 _aSHM
245 _aIRON NUTRITION IN INFANCY AND CHILDHOOD
_cSTEKEL, A
942 _2udc
_cBK
999 _c10814
_d10814